000 00538nam a22001817a 4500
003 UA-OsUOA
001 11537
007 ta
008 20050327b un ||||| |||| 00| 0 ukr d
100 _aЛось В.А.
942 _cSA
040 _aUA-OsUOA
_cUA-OsUOA
_dUA-OsUOA
245 _aДодержання законодавства про працю- обов'язок кожного
300 _aС.4-5
955 _a0
773 0 _w0
_tПраця і зарплата
_dКиїв
_d2005
_g№11
650 7 _aТрудове право
_2UDC
999 _c297698
_d297698